Xây dựng quy trình chiết xuất Naringin từ vỏ quả bưởi Citrus grandis Osbeck, họ Cam (Rutaceae) thu mua ở Cần Thơ : Báo cáo tổng kết đề tài nghiên cứu khoa học của sinh viên
Nội dung đề tài thu mua và xử lý nguyên liệu vỏ bười; khảo sát điều kiện chiết Naringin bằng phương pháp chiết với dung môi; khảo sát quy trình tinh chế Naringin.
Sparad:
| Huvudupphovsman: | |
|---|---|
| Materialtyp: | Bok |
| Språk: | Undetermined |
| Publicerad: |
Cần Thơ
Trường Đại học Cần Thơ
2014
|
| Ämnen: | |
| Taggar: |
Lägg till en tagg
Inga taggar, Lägg till första taggen!
|
| Thư viện lưu trữ: | Trung tâm Học liệu Trường Đại học Cần Thơ |
|---|
| LEADER | 01319nam a2200241Ia 4500 | ||
|---|---|---|---|
| 001 | CTU_198193 | ||
| 008 | 210402s9999 xx 000 0 und d | ||
| 082 | |a 664.804304 | ||
| 082 | |b Th561 | ||
| 088 | |a TSV2013-37 | ||
| 100 | |a Nguyễn, Hoài Thương | ||
| 245 | 0 | |a Xây dựng quy trình chiết xuất Naringin từ vỏ quả bưởi Citrus grandis Osbeck, họ Cam (Rutaceae) thu mua ở Cần Thơ : | |
| 245 | 0 | |b Báo cáo tổng kết đề tài nghiên cứu khoa học của sinh viên | |
| 245 | 0 | |c Nguyễn Hoài Thương (Chủ nhiệm đề tài) ; Phan Thanh Sang ... [ et al.] Cán bộ phối hợp nghiên cứu ; Nguyễn Trọng Tuân (Người hướng dẫn) | |
| 260 | |a Cần Thơ | ||
| 260 | |b Trường Đại học Cần Thơ | ||
| 260 | |c 2014 | ||
| 520 | |a Nội dung đề tài thu mua và xử lý nguyên liệu vỏ bười; khảo sát điều kiện chiết Naringin bằng phương pháp chiết với dung môi; khảo sát quy trình tinh chế Naringin. | ||
| 650 | |a Fruit,Pummelo,Trái cây,Trái bưởi | ||
| 650 | |x Processing,Chế biến | ||
| 904 | |i Tuyến | ||
| 915 | |a TN | ||
| 980 | |a Trung tâm Học liệu Trường Đại học Cần Thơ | ||